000 00280nam a2200109Ia 4500
008 190216s9999||||xx |||||||||||||| ||und||
100 _aWalter Ledermans
245 0 _aIntroduction To The Theory Of Finite Groups
260 _bOliver And Boyd
650 _aMathematics
942 _cBK
999 _c30412
_d30412